Football - Les 10 plus gros transferts (2012-2013) - Statistiques

Statistiques générales
  • Ce quiz a été pris 91 fois
  • Le résultat moyen est 6 sur 10
Statistiques - réponses
Rang Club Précédent Nouveau Cub Montant Joueur % Correct
1 Milan AC Paris SG 42 000 000 € Thiago Silva
92%
7 LOSC Chelsea 35 000 000 € Eden Hazard
91%
6 Tottenham Real Madrid 35 000 000 € Luka Modric
80%
4 Porto Zenith Saint Petersburg 40 000 000 € Hulk
75%
3 Sao Paulo Paris SG 40 000 000 € Lucas Moura
68%
10 Arsenal Manchester United 30 700 000 € Robin Van Persie
63%
2 Athletic Bilbao Bayern Munich 40 000 000 € Javi Martinez
51%
9 Internacional Chelsea 32 000 000 € Oscar
46%
8 Chakhtar Donetsk Anji Makhatchkala 35 000 000 € Willian
24%
5 Benfica Zenith Saint Petersburg 40 000 000 € Axel Witsel
18%
Aucun quiz correspondant
Distribution des résultats
% des personnes avec chaque résultat
Percentile par nombre de réponses
Votre historique - résultats
Vous n’avez pas pris ce quiz